| 000 | 00852nac a22002651u 4500 | ||
|---|---|---|---|
| 008 | 080908s2003 mau|||||r|||| 001 0 eng d | ||
| 010 | _a 2002070988 | ||
| 020 | _a0073660094 | ||
| 020 | _a0071121935 | ||
| 020 | _a0073660094 | ||
| 020 | _a0071230106 | ||
| 082 | 0 | 0 |
_a621.31042 _bFIT _222 |
| 100 |
_aFitzgerald, A. E. _99233 |
||
| 245 | 1 | 0 |
_aElectric Machinery / _cA.E. Fitzgerald, Charles Kingsley, Jr., Stephen D. Umans. |
| 250 | _a6th ed. | ||
| 260 |
_aBoston, Mau. : _bMcGraw-Hill, _cc2003. |
||
| 300 |
_axv, 688 p. : _bill. _c24 cm. |
||
| 490 | 0 | _aMcGraw-Hill series in electrical engineering. | |
| 500 | _aOne copy Distributed by Bacca. | ||
| 500 | _aIncludes index | ||
| 650 | 0 |
_aElectric machinery. _99234 |
|
| 700 | 1 |
_aKingsley, Charles, _d1904- _99235 |
|
| 700 | 1 |
_aUmans, Stephen D. _99236 |
|
| 942 |
_cBB _k621.31042 FIT _2ddc |
||
| 999 |
_c88 _d88 |
||